[Event "Montreal Mercredi 11"]
[Site "Montreal CAN"]
[Date "2013.11.20"]
[Round "2"]
[White "Heredia, Jose"]
[Black "Brassard, Sylvain"]
[Result "1-0"]
[WhiteElo "1858"]
[BlackElo "1768"]
[PlyCount "113"]
[GameId "2160767909216494"]
[EventDate "2013.11.13"]
[EventType "swiss"]
[EventRounds "5"]
[EventCountry "CAN"]
[SourceTitle "EXT 2022"]
[Source "ChessBase"]
[SourceDate "2021.10.06"]
[SourceVersion "1"]
[SourceVersionDate "2021.10.06"]
[SourceQuality "1"]

1. e4 Nf6 2. e5 Nd5 3. d4 d6 4. Nf3 Bg4 5. Be2 c6 6. O-O Bxf3 7. Bxf3 dxe5 8. dxe5 e6 9. c4 Ne7 10. Qxd8+ Kxd8 11. Bg5 Nd7 12. Re1 Kc7 13. Bxe7 Bxe7 14. Nc3 Bb4 15. Rac1 Rad8 16. a3 Bxc3 17. Rxc3 Nc5 18. b4 Na4 19. Rb3 c5 20. g3 Rd4 21. Re4 Rhd8 22. Kf1 Rd3 23. Re3 Rxe3 24. Rxe3 Nb6 25. Be2 Nd7 26. f4 b6 27. h4 Nb8 28. b5 Rd4 29. Kf2 Nd7 30. h5 Kd8 31. Rd3 Rxd3 32. Bxd3 h6 33. Ke3 Ke7 34. g4 f6 35. exf6+ Kxf6 36. Ke4 e5 37. f5 Kg5 38. Be2 Nf6+ 39. Kxe5 Nxg4+ 40. Kd6 Kxh5 41. Kc7 Kg5 42. Kb7 h5 43. Kxa7 h4 44. Kxb6 h3 45. Kxc5 Kf4 46. Bf1 h2 47. Bg2 Kg3 48. Bh1 Nf2 49. b6 Nxh1 50. b7 Nf2 51. b8=Q+ Kg2 52. Qxh2+ Kxh2 53. Kd5 Kg3 54. c5 Kf4 55. c6 Ng4 56. c7 Nf6+ 57. Ke6 1-0

[Event "Montreal Mercredi 11"]
[Site "Montreal CAN"]
[Date "2013.11.20"]
[Round "2"]
[White "Lopez Linares, Lizandro"]
[Black "Boudreau, Daniel"]
[Result "1-0"]
[WhiteElo "2055"]
[BlackElo "2058"]
[PlyCount "71"]
[GameId "2160767909216495"]
[EventDate "2013.11.13"]
[EventType "swiss"]
[EventRounds "5"]
[EventCountry "CAN"]
[SourceTitle "EXT 2022"]
[Source "ChessBase"]
[SourceDate "2021.10.06"]
[SourceVersion "1"]
[SourceVersionDate "2021.10.06"]
[SourceQuality "1"]

1. d4 Nf6 2. Nf3 e6 3. Bg5 c5 4. e3 Qa5+ 5. c3 Ne4 6. Bh4 cxd4 7. exd4 b6 8. Bd3 Bb7 9. O-O Qh5 10. Bg3 Be7 11. Nbd2 Nxg3 12. fxg3 d6 13. Qe2 O-O 14. h3 Nd7 15. g4 Qh6 16. Rae1 d5 17. Qf2 g6 18. Qg3 Rfc8 19. g5 Qf8 20. h4 Bd6 21. Qg4 Re8 22. Ne5 Nxe5 23. dxe5 Bc5+ 24. Kh2 a5 25. Rf4 d4 26. cxd4 Bb4 27. Re2 Bxd2 28. Rxd2 Red8 29. h5 Qg7 30. Rdf2 Rd7 31. h6 Qf8 32. Bc4 Bd5 33. Bxd5 Rxd5 34. Rxf7 Qxf7 35. Rxf7 Kxf7 36. Qf4+ 1-0

[Event "Montreal Mercredi 11"]
[Site "Montreal CAN"]
[Date "2013.11.20"]
[Round "2"]
[White "Millette, Sylvain"]
[Black "Cote, Philippe"]
[Result "0-1"]
[WhiteElo "1728"]
[BlackElo "1736"]
[PlyCount "82"]
[GameId "2160767909216496"]
[EventDate "2013.11.13"]
[EventType "swiss"]
[EventRounds "5"]
[EventCountry "CAN"]
[SourceTitle "EXT 2022"]
[Source "ChessBase"]
[SourceDate "2021.10.06"]
[SourceVersion "1"]
[SourceVersionDate "2021.10.06"]
[SourceQuality "1"]

1. Nf3 d6 2. g3 g6 3. d4 Bg7 4. Bg2 f5 5. b3 Nf6 6. Bb2 O-O 7. c4 c6 8. O-O Qe8 9. e3 Nbd7 10. Nbd2 e5 11. dxe5 dxe5 12. Qc2 e4 13. Nd4 Ne5 14. Ne2 Nd3 15. Bc3 c5 16. a3 Bd7 17. Nc1 Ne5 18. Ne2 Bc6 19. Bxe5 Qxe5 20. Rad1 Rad8 21. Nb1 Qe7 22. Nbc3 Rxd1 23. Rxd1 Rd8 24. Rd2 Rxd2 25. Qxd2 Qd7 26. Qxd7 Nxd7 27. Nd5 Bxd5 28. cxd5 b5 29. f3 Nf6 30. fxe4 Nxe4 31. g4 c4 32. bxc4 bxc4 33. d6 Nxd6 34. gxf5 gxf5 35. Bd5+ Kf8 36. Nf4 c3 37. Ne6+ Ke7 38. Nc5 c2 39. Nd3 Bb2 40. a4 Ne4 41. Kg2 Nc5 0-1

[Event "Montreal Mercredi 11"]
[Site "Montreal CAN"]
[Date "2013.11.20"]
[Round "2"]
[White "Nardone, Raul"]
[Black "Rondon, Luciano"]
[Result "1/2-1/2"]
[WhiteElo "1946"]
[BlackElo "1895"]
[PlyCount "77"]
[GameId "2160767909216497"]
[EventDate "2013.11.13"]
[EventType "swiss"]
[EventRounds "5"]
[EventCountry "CAN"]
[SourceTitle "EXT 2022"]
[Source "ChessBase"]
[SourceDate "2021.10.06"]
[SourceVersion "1"]
[SourceVersionDate "2021.10.06"]
[SourceQuality "1"]

1. e4 e5 2. Nf3 Nc6 3. Bb5 a6 4. Ba4 Nf6 5. Qe2 b5 6. Bb3 Be7 7. O-O O-O 8. d3 d6 9. h3 Na5 10. Nbd2 Nh5 11. Nb1 Nxb3 12. axb3 Nf4 13. Bxf4 exf4 14. Nc3 c6 15. Nd4 Qc7 16. Qf3 g5 17. Qh5 b4 18. Nce2 d5 19. Nf3 f6 20. Ned4 Bc5 21. Rae1 dxe4 22. Rxe4 Bxd4 23. Nxd4 c5 24. Rfe1 Qf7 25. Qxf7+ Kxf7 26. Re7+ Kg6 27. Ne6 Bxe6 28. R1xe6 Rf7 29. Kf1 Rxe7 30. Rxe7 Rc8 31. Ke2 Rc6 32. Kf3 h5 33. Ke4 Rd6 34. Rc7 Re6+ 35. Kf3 Re5 36. Rc6 Kf5 37. g4+ fxg3 38. fxg3 a5 39. Ra6 1/2-1/2

[Event "Montreal Mercredi 11"]
[Site "Montreal CAN"]
[Date "2013.11.20"]
[Round "2"]
[White "Ostaci, Liviu"]
[Black "Fortin-Lavoie, Patrice"]
[Result "0-1"]
[WhiteElo "1707"]
[BlackElo "1723"]
[PlyCount "83"]
[GameId "2160767909216498"]
[EventDate "2013.11.13"]
[EventType "swiss"]
[EventRounds "5"]
[EventCountry "CAN"]
[SourceTitle "EXT 2022"]
[Source "ChessBase"]
[SourceDate "2021.10.06"]
[SourceVersion "1"]
[SourceVersionDate "2021.10.06"]
[SourceQuality "1"]

1. d4 d5 2. Nf3 Bg4 3. e3 Nf6 4. Be2 e6 5. Nbd2 c5 6. c3 Nc6 7. O-O Be7 8. dxc5 Bxc5 9. Nd4 Bxe2 10. Qxe2 O-O 11. N4b3 Bd6 12. e4 Qc7 13. h3 e5 14. exd5 Nxd5 15. Ne4 Nce7 16. Nxd6 Qxd6 17. Rd1 Qc7 18. Bg5 f6 19. Be3 b6 20. Rd2 Qc6 21. Rad1 Rad8 22. c4 Nxe3 23. fxe3 Rxd2 24. Rxd2 Qa4 25. Nc1 Nf5 26. Qd3 g6 27. b3 Qb4 28. g4 Nh4 29. Qd5+ Kg7 30. Rd1 Qc3 31. Kf2 f5 32. g5 f4 33. Qd3 fxe3+ 34. Kg3 Nf5+ 35. Kh2 Qb2+ 36. Qe2 Qa3 37. Nd3 Qe7 38. Qg4 Nd4 39. h4 e2 40. Rc1 Rf1 41. Qe4 Rxc1 42. Nxc1 0-1

[Event "Montreal Mercredi 11"]
[Site "Montreal CAN"]
[Date "2013.11.20"]
[Round "2"]
[White "Struben, Jeroen"]
[Black "Salazar, Andres Felipe"]
[Result "1-0"]
[WhiteElo "1693"]
[BlackElo "1680"]
[PlyCount "64"]
[GameId "2160767909216499"]
[EventDate "2013.11.13"]
[EventType "swiss"]
[EventRounds "5"]
[EventCountry "CAN"]
[SourceTitle "EXT 2022"]
[Source "ChessBase"]
[SourceDate "2021.10.06"]
[SourceVersion "1"]
[SourceVersionDate "2021.10.06"]
[SourceQuality "1"]

1. d4 c5 2. d5 d6 3. c4 Nf6 4. Nc3 g6 5. e4 Bg7 6. Nf3 O-O 7. Be2 e6 8. O-O exd5 9. cxd5 Re8 10. Qc2 a6 11. a4 Nbd7 12. Bf4 Qe7 13. Nd2 Nh5 14. Bxh5 gxh5 15. Nc4 Ne5 16. Nxe5 Bxe5 17. Bxe5 Qxe5 18. Rad1 h4 19. f4 Qg7 20. Qf2 Qh6 21. e5 Bg4 22. Ne4 dxe5 23. fxe5 Kh8 24. Nd6 Re7 25. Rd3 Rf8 26. e6 Bxe6 27. dxe6 Qxe6 28. Nf5 Rc7 29. Qxh4 Re8 30. Rd6 Qe5 31. Rh6 f6 32. Qxf6+ Kg8 1-0

[Event "Montreal Mercredi 11"]
[Site "Montreal CAN"]
[Date "2013.11.21"]
[Round "2"]
[White "Lamoureux, Yvon"]
[Black "Jones, Christopher1"]
[Result "1/2-1/2"]
[WhiteElo "1627"]
[BlackElo "1650"]
[PlyCount "95"]
[GameId "2160767909216500"]
[EventDate "2013.11.13"]
[EventType "swiss"]
[EventRounds "5"]
[EventCountry "CAN"]
[SourceTitle "EXT 2022"]
[Source "ChessBase"]
[SourceDate "2021.10.06"]
[SourceVersion "1"]
[SourceVersionDate "2021.10.06"]
[SourceQuality "1"]

1. e4 e5 2. Nf3 Nc6 3. Bb5 Nd4 4. Nxd4 exd4 5. d3 c6 6. Bc4 g6 7. Bf4 Bg7 8. h4 h5 9. Nd2 b5 10. Bb3 d6 11. Nf3 Bg4 12. a4 b4 13. O-O Ne7 14. Bg3 O-O 15. Qd2 a5 16. Qf4 d5 17. e5 Bxf3 18. Qxf3 Nf5 19. Rae1 Nxh4 20. Bxh4 Qxh4 21. g3 Qg5 22. Qf4 Qxf4 23. gxf4 Rae8 24. Kg2 Re6 25. c3 bxc3 26. bxc3 dxc3 27. Rc1 f6 28. d4 fxe5 29. fxe5 Rf4 30. Rfd1 Kh7 31. Rxc3 Bf8 32. Rf3 Rg4+ 33. Rg3 Rxg3+ 34. fxg3 Ba3 35. Kf2 Re7 36. Ke3 Rb7 37. Bc2 Rb2 38. Rd2 Kg7 39. Rf2 Be7 40. Kd3 Ra2 41. Kc3 Ra3+ 42. Bb3 Ra1 43. Rf3 Rh1 44. Bc2 Rh3 45. Bd1 h4 46. gxh4 Rxf3+ 47. Bxf3 Bxh4 48. Bg4 1/2-1/2

[Event "Montreal Mercredi 11"]
[Site "Montreal CAN"]
[Date "2013.11.27"]
[Round "3"]
[White "Boudreau, Daniel"]
[Black "Cloutier, Mathieu"]
[Result "0-1"]
[WhiteElo "2058"]
[BlackElo "2112"]
[PlyCount "64"]
[GameId "2160767909216501"]
[EventDate "2013.11.13"]
[EventType "swiss"]
[EventRounds "5"]
[EventCountry "CAN"]
[SourceTitle "EXT 2022"]
[Source "ChessBase"]
[SourceDate "2021.10.06"]
[SourceVersion "1"]
[SourceVersionDate "2021.10.06"]
[SourceQuality "1"]

1. e4 c5 2. Nf3 d6 3. Bb5+ Nc6 4. Bxc6+ bxc6 5. O-O e5 6. h3 f5 7. Qe2 Nf6 8. exf5 Be7 9. g4 h5 10. g5 Nd5 11. d4 cxd4 12. c4 dxc3 13. Nxc3 Nxc3 14. bxc3 Bxf5 15. Rd1 Qc8 16. Nh4 g6 17. Ba3 Qe6 18. f4 Bxh3 19. fxe5 d5 20. Bxe7 Kxe7 21. Qf2 Rhf8 22. Qc5+ Kd7 23. Qd6+ Qxd6 24. exd6 Bf5 25. c4 dxc4 26. Rd4 Bd3 27. Kg2 Rae8 28. Rd1 Re5 29. Nf3 Re2+ 30. Kg3 Re3 31. Rf4 h4+ 32. Kg4 Rxf4+ 0-1

[Event "Montreal Mercredi 11"]
[Site "Montreal CAN"]
[Date "2013.11.27"]
[Round "3"]
[White "Brassard, Sylvain"]
[Black "Ostaci, Liviu"]
[Result "1-0"]
[WhiteElo "1768"]
[BlackElo "1707"]
[PlyCount "59"]
[GameId "2160767909216502"]
[EventDate "2013.11.13"]
[EventType "swiss"]
[EventRounds "5"]
[EventCountry "CAN"]
[SourceTitle "EXT 2022"]
[Source "ChessBase"]
[SourceDate "2021.10.06"]
[SourceVersion "1"]
[SourceVersionDate "2021.10.06"]
[SourceQuality "1"]

1. d4 Nf6 2. Bg5 d5 3. Bxf6 exf6 4. g3 Bd6 5. Bg2 c6 6. e3 O-O 7. Ne2 Bg4 8. O-O Qd7 9. Re1 Na6 10. a3 Nc7 11. Nd2 Rfe8 12. c4 Bxe2 13. Rxe2 f5 14. c5 Bf8 15. Bh3 g5 16. Qc2 g4 17. Bf1 Kg7 18. Ree1 Kg6 19. Bd3 Bg7 20. Kg2 h5 21. h3 Rh8 22. Rh1 Rag8 23. f3 Kg5 24. h4+ Kf6 25. fxg4 hxg4 26. Rhf1 Rh5 27. Rf2 Bh6 28. Raf1 Bxe3 29. Bxf5 Qe7 30. Bxg4+ 1-0

[Event "Montreal Mercredi 11"]
[Site "Montreal CAN"]
[Date "2013.11.27"]
[Round "3"]
[White "Cote, Philippe"]
[Black "Heredia, Jose"]
[Result "1/2-1/2"]
[WhiteElo "1736"]
[BlackElo "1858"]
[PlyCount "52"]
[GameId "2160767909216504"]
[EventDate "2013.11.13"]
[EventType "swiss"]
[EventRounds "5"]
[EventCountry "CAN"]
[SourceTitle "EXT 2022"]
[Source "ChessBase"]
[SourceDate "2021.10.06"]
[SourceVersion "1"]
[SourceVersionDate "2021.10.06"]
[SourceQuality "1"]

1. e4 c6 2. d4 d5 3. exd5 cxd5 4. Bd3 Nc6 5. c3 Qc7 6. f4 Nf6 7. Ne2 Bg4 8. O-O e6 9. Qe1 Bxe2 10. Qxe2 O-O-O 11. b4 Bd6 12. Na3 a6 13. b5 Na5 14. bxa6 Nc4 15. axb7+ Kb8 16. Nxc4 dxc4 17. Bxc4 Nd5 18. Bxd5 exd5 19. Bd2 Qc4 20. Qxc4 dxc4 21. f5 Rhe8 22. Rae1 Kxb7 23. Rxe8 Rxe8 24. Re1 Ra8 25. Ra1 Kc6 26. Kf2 Ra5 1/2-1/2

[Event "Montreal Mercredi 11"]
[Site "Montreal CAN"]
[Date "2013.11.27"]
[Round "3"]
[White "Dumouchel, Alain"]
[Black "Nardone, Raul"]
[Result "1/2-1/2"]
[WhiteElo "1893"]
[BlackElo "1946"]
[PlyCount "97"]
[GameId "2160767909216505"]
[EventDate "2013.11.13"]
[EventType "swiss"]
[EventRounds "5"]
[EventCountry "CAN"]
[SourceTitle "EXT 2022"]
[Source "ChessBase"]
[SourceDate "2021.10.06"]
[SourceVersion "1"]
[SourceVersionDate "2021.10.06"]
[SourceQuality "1"]

1. e4 c5 2. Nf3 Nc6 3. d4 cxd4 4. Nxd4 g6 5. Nc3 Bg7 6. Nde2 Nf6 7. g3 d6 8. Bg2 Bg4 9. h3 Bd7 10. O-O Qc8 11. Kh2 O-O 12. f4 a6 13. Be3 b5 14. Qe1 Bh6 15. Rd1 Bg7 16. Ng1 Rb8 17. Qf2 Qc7 18. Rd2 e5 19. Rfd1 exf4 20. Bxf4 Ne5 21. Qd4 Nf3+ 22. Nxf3 Ng4+ 23. hxg4 Bxd4 24. Rxd4 Bxg4 25. Bxd6 Qa7 26. Bxb8 Qxb8 27. Nd5 Kg7 28. Ne3 Bxf3 29. Bxf3 Qe5 30. Kg2 Qg5 31. R1d3 h5 32. Rd5 Qe7 33. a3 h4 34. e5 hxg3 35. Kxg3 Qg5+ 36. Kf2 Qh4+ 37. Ke2 Qh2+ 38. Kd1 Qg1+ 39. Kd2 Qf2+ 40. Be2 Rc8 41. c3 Rh8 42. Ng4 Qf4+ 43. Kc2 Rh1 44. Bd1 Qa4+ 45. b3 Qxa3 46. Ne3 Rh2+ 47. Rd2 Qa2+ 48. Kc1 Qa1+ 49. Kc2 1/2-1/2

[Event "Montreal Mercredi 11"]
[Site "Montreal CAN"]
[Date "2013.11.27"]
[Round "3"]
[White "Fortin-Lavoie, Patrice"]
[Black "Millette, Sylvain"]
[Result "1-0"]
[WhiteElo "1723"]
[BlackElo "1728"]
[PlyCount "64"]
[GameId "2160767909216506"]
[EventDate "2013.11.13"]
[EventType "swiss"]
[EventRounds "5"]
[EventCountry "CAN"]
[SourceTitle "EXT 2022"]
[Source "ChessBase"]
[SourceDate "2021.10.06"]
[SourceVersion "1"]
[SourceVersionDate "2021.10.06"]
[SourceQuality "1"]

1. e4 Nf6 2. e5 Nd5 3. c4 Nb6 4. d4 d6 5. exd6 exd6 6. h3 Bf5 7. Nf3 Be7 8. Nc3 Bf6 9. Be3 Nc6 10. Bd3 Bxd3 11. Qxd3 O-O 12. b3 Re8 13. a4 Nb4 14. Qd2 a5 15. O-O c6 16. Rac1 d5 17. c5 Nd7 18. Bf4 Nf8 19. Ne2 Ne6 20. Be5 Ng5 21. Nxg5 Bxg5 22. f4 Be7 23. f5 Bf6 24. Bg3 Re4 25. Rcd1 Qd7 26. Bf2 Rae8 27. Ng3 R4e7 28. Qf4 h6 29. Nh5 Bg5 30. Qf3 Be3 31. Bxe3 Rxe3 32. Qg4 Rg3 1-0

[Event "Montreal Mercredi 11"]
[Site "Montreal CAN"]
[Date "2013.11.27"]
[Round "3"]
[White "Khudaverdian, Berj"]
[Black "Struben, Jeroen"]
[Result "1-0"]
[WhiteElo "1663"]
[BlackElo "1693"]
[PlyCount "84"]
[GameId "2160767909216507"]
[EventDate "2013.11.13"]
[EventType "swiss"]
[EventRounds "5"]
[EventCountry "CAN"]
[SourceTitle "EXT 2022"]
[Source "ChessBase"]
[SourceDate "2021.10.06"]
[SourceVersion "1"]
[SourceVersionDate "2021.10.06"]
[SourceQuality "1"]

1. d4 Nf6 2. Nf3 c5 3. d5 e6 4. c4 exd5 5. cxd5 d6 6. Nc3 g6 7. e4 Bg7 8. Be2 O-O 9. O-O Na6 10. h3 Nc7 11. Bg5 a6 12. a4 b6 13. Nd2 Rb8 14. f4 Qd7 15. Qc2 Re8 16. Nc4 b5 17. Nxd6 Qxd6 18. e5 Qb6 19. a5 Qa7 20. exf6 Bf5 21. Qd2 b4 22. Na4 Bf8 23. Nb6 Nb5 24. Bg4 Nd4 25. Rae1 Bxg4 26. hxg4 Nb3 27. Qd3 Nxa5 28. Nc4 b3 29. Kh1 Nxc4 30. Qxc4 Qd7 31. Rxe8 Rxe8 32. f5 Re5 33. Qxb3 Qxd5 34. Qb8 Re2 35. Rf3 Qd6 36. Qxd6 Bxd6 37. Kg1 Rxb2 38. Rd3 h6 39. Bxh6 Be5 40. Bg7 Bd4+ 41. Kh2 Be5+ 42. Kh3 Rb6 1-0

[Event "Montreal Mercredi 11"]
[Site "Montreal CAN"]
[Date "2013.11.27"]
[Round "3"]
[White "Rondon, Luciano"]
[Black "Destree, Frederic"]
[Result "1/2-1/2"]
[WhiteElo "1895"]
[BlackElo "1864"]
[PlyCount "68"]
[GameId "2160767909216508"]
[EventDate "2013.11.13"]
[EventType "swiss"]
[EventRounds "5"]
[EventCountry "CAN"]
[SourceTitle "EXT 2022"]
[Source "ChessBase"]
[SourceDate "2021.10.06"]
[SourceVersion "1"]
[SourceVersionDate "2021.10.06"]
[SourceQuality "1"]

1. d4 Nf6 2. c4 g6 3. Nc3 Bg7 4. e4 d6 5. Be2 O-O 6. f4 c5 7. d5 e6 8. Nf3 exd5 9. exd5 Re8 10. O-O Bf5 11. Bd3 Ne4 12. Nxe4 Bxe4 13. Bxe4 Rxe4 14. Qd3 Qe8 15. f5 Nd7 16. fxg6 hxg6 17. Bd2 Nf6 18. Rae1 Rxe1 19. Rxe1 Qd7 20. Bc3 Re8 21. Re2 Nh5 22. Bxg7 Nxg7 23. Ng5 Rxe2 24. Qxe2 Qf5 25. Nf3 Qb1+ 26. Kf2 Qxa2 27. Ng5 Qb1 28. g4 Qc1 29. h4 Qf4+ 30. Kg2 f6 31. Ne6 Nxe6 32. Qxe6+ Kg7 33. Qe7+ Kh6 34. Qf8+ Kh7 1/2-1/2

[Event "Montreal Mercredi 11"]
[Site "Montreal CAN"]
[Date "2013.11.27"]
[Round "3"]
[White "Salazar, Andres Felipe"]
[Black "Lamoureux, Yvon"]
[Result "0-1"]
[WhiteElo "1680"]
[BlackElo "1627"]
[PlyCount "82"]
[GameId "2160767739054420"]
[EventDate "2013.11.13"]
[EventType "swiss"]
[EventRounds "5"]
[EventCountry "CAN"]
[SourceTitle "EXT 2022"]
[Source "ChessBase"]
[SourceDate "2021.10.06"]
[SourceVersion "1"]
[SourceVersionDate "2021.10.06"]
[SourceQuality "1"]

1. e4 c5 2. Nf3 d6 3. d4 cxd4 4. Nxd4 Nf6 5. Nc3 a6 6. Be2 e5 7. Nb3 Be6 8. Be3 Be7 9. f3 d5 10. exd5 Nxd5 11. Nxd5 Qxd5 12. Qxd5 Bxd5 13. c4 Bc6 14. Nd2 Nd7 15. O-O O-O-O 16. Nb3 b6 17. c5 Nxc5 18. Nxc5 Bxc5 19. Bxc5 bxc5 20. Rfc1 Kb7 21. Rxc5 Rd5 22. Rc2 Bb5 23. Bxb5 axb5 24. Rac1 Rhd8 25. Rc7+ Kb6 26. R1c6+ Ka5 27. Ra7+ Kb4 28. h3 Rd2 29. Rxf7 Rxb2 30. Rxg7 Rdd2 31. Re6 Re2 32. Rg5 Rxa2 33. Rexe5 Ra1+ 34. Kh2 Rxe5 35. Rxe5 Kc4 36. Re7 b4 37. Rxh7 b3 38. Rc7+ Kd4 39. Rb7 Kc3 40. Kg3 b2 41. Rxb2 Kxb2 {time} 0-1

[Event "Montreal Mercredi 11"]
[Site "Montreal CAN"]
[Date "2013.11.27"]
[Round "3"]
[White "Tremblay, Alain"]
[Black "Have, Didier"]
[Result "1-0"]
[WhiteElo "2076"]
[BlackElo "1992"]
[PlyCount "57"]
[GameId "2160767909216509"]
[EventDate "2013.11.13"]
[EventType "swiss"]
[EventRounds "5"]
[EventCountry "CAN"]
[SourceTitle "EXT 2022"]
[Source "ChessBase"]
[SourceDate "2021.10.06"]
[SourceVersion "1"]
[SourceVersionDate "2021.10.06"]
[SourceQuality "1"]

1. e4 d5 2. exd5 Nf6 3. d4 Bg4 4. Qd3 Qxd5 5. Nc3 Qa5 6. Bd2 Nc6 7. Ne4 Qd5 8. Nxf6+ exf6 9. c3 O-O-O 10. f3 Re8+ 11. Kf2 Bf5 12. Qb5 Qd7 13. Ne2 a6 14. Qa4 Bd6 15. Ng3 Bg6 16. Bc4 h5 17. Rhe1 h4 18. Nf1 h3 19. g3 Bh5 20. Rxe8+ Rxe8 21. Qd1 Na5 22. Bd3 g5 23. Be3 g4 24. Bc2 f5 25. Qd2 Qb5 26. d5 f4 27. gxf4 Qxb2 28. Bf5+ Kb8 29. Qxb2 1-0

[Event "Montreal Mercredi 11"]
[Site "Montreal CAN"]
[Date "2013.11.27"]
[Round "3"]
[White "Valle-Romo, Ricardo"]
[Black "Lopez Linares, Lizandro"]
[Result "1-0"]
[WhiteElo "1995"]
[BlackElo "2055"]
[PlyCount "85"]
[GameId "2160767909216510"]
[EventDate "2013.11.13"]
[EventType "swiss"]
[EventRounds "5"]
[EventCountry "CAN"]
[SourceTitle "EXT 2022"]
[Source "ChessBase"]
[SourceDate "2021.10.06"]
[SourceVersion "1"]
[SourceVersionDate "2021.10.06"]
[SourceQuality "1"]

1. e4 d5 2. exd5 Qxd5 3. Nf3 Bg4 4. Be2 Nc6 5. O-O Nf6 6. Nc3 Qd6 7. h3 Bh5 8. d3 a6 9. Ng5 Bg6 10. Be3 O-O-O 11. Rb1 Nd4 12. b4 b6 13. Bf3 e6 14. Ne2 e5 15. Ng3 Kb8 16. Re1 h6 17. N5e4 Nxe4 18. Bxe4 f5 19. Bxd4 fxe4 20. Bc3 exd3 21. cxd3 Qxd3 22. Qg4 h5 23. Qg5 h4 24. Nf1 Rh5 25. Qg4 Re8 26. Rbd1 Qf5 27. Qc4 Qc8 28. Ne3 Bd6 29. a4 Qb7 30. b5 a5 31. Qg4 Rh6 32. Qd7 Rhh8 33. Rxd6 cxd6 34. Qxd6+ Ka7 35. Qxg6 Rhf8 36. Ng4 e4 37. Qxg7 Rf7 38. Qd4 Rd7 39. Qc4 Rc7 40. Qb3 Rc5 41. Bd4 Rf5 42. Qc3 Rc8 43. Qxa5+ 1-0

[Event "Montreal Mercredi 11"]
[Site "Montreal CAN"]
[Date "2013.12.04"]
[Round "4"]
[White "Brassard, Sylvain"]
[Black "Cote, Philippe"]
[Result "1-0"]
[WhiteElo "1768"]
[BlackElo "1736"]
[PlyCount "101"]
[GameId "2160767909216511"]
[EventDate "2013.11.13"]
[EventType "swiss"]
[EventRounds "5"]
[EventCountry "CAN"]
[SourceTitle "EXT 2022"]
[Source "ChessBase"]
[SourceDate "2021.10.06"]
[SourceVersion "1"]
[SourceVersionDate "2021.10.06"]
[SourceQuality "1"]

1. g3 d6 2. Bg2 g6 3. d3 Bg7 4. Nf3 e5 5. c4 f5 6. Nc3 Nf6 7. O-O O-O 8. Bg5 h6 9. Bxf6 Qxf6 10. Nd5 Qf7 11. Qc2 Be6 12. Rac1 c6 13. Nc3 Nd7 14. b4 Rac8 15. Nd2 Nf6 16. e3 Kh7 17. b5 Qd7 18. bxc6 bxc6 19. Nb3 f4 20. d4 Bh3 21. dxe5 Bxg2 22. Kxg2 f3+ 23. Kxf3 Ng4+ 24. Kg2 Nxe5 25. Nd2 d5 26. c5 Qe7 27. Ne2 Rb8 28. Nd4 Qf6 29. h3 Rb4 30. a3 Rb7 31. f4 Nc4 32. Nxc4 dxc4 33. Qxc4 Qe7 34. Qe6 Rb2+ 35. Rf2 Qb7 36. Qxc6 Rxf2+ 37. Kxf2 Qb2+ 38. Rc2 Qb1 39. Qb5 Qh1 40. Qf1 Qe4 41. Qg2 Qd3 42. Qf1 Qe4 43. Rd2 Re8 44. Qd3 Qh1 45. Qf1 Qe4 46. Re2 g5 47. Qg2 Qd3 48. Qd5 Rf8 49. Qd6 gxf4 50. gxf4 Qxa3 51. Ne6 1-0

[Event "Montreal Mercredi 11"]
[Site "Montreal CAN"]
[Date "2013.12.04"]
[Round "4"]
[White "Cloutier, Mathieu"]
[Black "Valle-Romo, Ricardo"]
[Result "1/2-1/2"]
[WhiteElo "2112"]
[BlackElo "1995"]
[PlyCount "96"]
[GameId "2160767909216512"]
[EventDate "2013.11.13"]
[EventType "swiss"]
[EventRounds "5"]
[EventCountry "CAN"]

1. e4 c6 2. d4 d5 3. Nc3 dxe4 4. Nxe4 Nf6 5. Ng5 h6 6. N5f3 Bg4 7. h3 Bh5 8. Bd3 Bxf3 9. Nxf3 Nbd7 10. Bf4 e6 11. c3 Nb6 12. Qe2 Bd6 13. Ne5 O-O 14. O-O Nbd5 15. Bg3 c5 16. dxc5 Bxc5 17. Rad1 Qe7 18. a3 a5 19. c4 Nc7 20. Kh1 Rfd8 21. f4 Nce8 22. Bh4 Qc7 23. f5 exf5 24. Bxf5 Rxd1 25. Rxd1 Rd8 26. Rxd8 Qxd8 27. Ng4 Qd4 28. Bf2 Qd6 29. Bxc5 Qxc5 30. Bd7 Kf8 31. Nxf6 Nxf6 32. Bb5 Qc7 33. b4 axb4 34. axb4 g6 35. c5 Qf4 36. Qc4 Qxc4 37. Bxc4 Ke7 38. Kg1 Nd7 39. Bd5 b6 40. Bxf7 bxc5 41. bxc5 Nxc5 42. Bxg6 Kf6 43. Bc2 Ne6 44. Kf2 Nf4 45. Bd1 Kg5 46. Bg4 h5 47. g3 hxg4 48. h4+ Kf5 1/2-1/2

[Event "Montreal Mercredi 11"]
[Site "Montreal CAN"]
[Date "2013.12.04"]
[Round "4"]
[White "Destree, Frederic"]
[Black "Gauthier, Luc"]
[Result "0-1"]
[WhiteElo "1864"]
[BlackElo "1871"]
[PlyCount "68"]
[GameId "2160767909216513"]
[EventDate "2013.11.13"]
[EventType "swiss"]
[EventRounds "5"]
[EventCountry "CAN"]
[SourceTitle "EXT 2022"]
[Source "ChessBase"]
[SourceDate "2021.10.06"]
[SourceVersion "1"]
[SourceVersionDate "2021.10.06"]
[SourceQuality "1"]

1. Nf3 f5 2. g3 Nf6 3. Bg2 e6 4. O-O Be7 5. d3 d6 6. Nc3 e5 7. e4 Nc6 8. Be3 O-O 9. exf5 Bxf5 10. d4 e4 11. Nh4 Bg4 12. f3 exf3 13. Bxf3 Bh3 14. Ng2 Qd7 15. Qe2 Rae8 16. Qb5 Nd8 17. Qb3+ Kh8 18. d5 Ng4 19. Bd4 Ne5 20. Be2 Bf6 21. Ne4 Nf3+ 22. Bxf3 Bxd4+ 23. Kh1 Nf7 24. Rad1 Bb6 25. Nf2 Ne5 26. Nxh3 Qxh3 27. Nf4 Qd7 28. Ne6 Rf6 29. Kg2 c6 30. c4 cxd5 31. cxd5 Rc8 32. Be2 Rh6 33. Qc2 Ng4 34. Rc1 Ne3+ 0-1

[Event "Montreal Mercredi 11"]
[Site "Montreal CAN"]
[Date "2013.12.04"]
[Round "4"]
[White "Have, Didier"]
[Black "Lopez Linares, Lizandro"]
[Result "1/2-1/2"]
[WhiteElo "1992"]
[BlackElo "2055"]
[PlyCount "36"]
[GameId "2160767909216514"]
[EventDate "2013.11.13"]
[EventType "swiss"]
[EventRounds "5"]
[EventCountry "CAN"]
[SourceTitle "EXT 2022"]
[Source "ChessBase"]
[SourceDate "2021.10.06"]
[SourceVersion "1"]
[SourceVersionDate "2021.10.06"]
[SourceQuality "1"]

1. e4 c5 2. b4 d6 3. Bc4 Nf6 4. bxc5 dxc5 5. Nc3 Nc6 6. Nf3 Bg4 7. O-O a6 8. a4 e6 9. Be2 Be7 10. h3 Bxf3 11. Bxf3 O-O 12. Rb1 Qd7 13. e5 Nd5 14. Nxd5 exd5 15. Bg4 Qc7 16. f4 f5 17. Bf3 Rad8 18. c3 c4 1/2-1/2